De quién es la iniciativa en el desarrollo comunitario
Na minha lista:
| Formato: | Livro |
|---|---|
| Idioma: | Spanish |
| Publicado em: |
Madrid, España
Editorial Popular ; Claves para la Educación Popular
1991
|
| coleção: | Promoción cultural
|
| Assuntos: | |
| Tags: |
Adicionar Tag
Sem tags, seja o primeiro a adicionar uma tag!
|
MARC
| LEADER | 00000nam a22000007a 4500 | ||
|---|---|---|---|
| 003 | cru CIDCACS/IIS | ||
| 005 | 20200925161302.0 | ||
| 008 | 170324b1991 sp ||||| |||| 00| | spa d | ||
| 020 | |a 84-7884-042-7 | ||
| 040 | |c CRAI/IIS |a CRAI/IIS | ||
| 090 | |a 05.03.07 D278d | ||
| 245 | 1 | 0 | |a De quién es la iniciativa en el desarrollo comunitario |
| 260 | |a Madrid, España |b Editorial Popular ; |b Claves para la Educación Popular |c 1991 | ||
| 300 | |a 142 páginas | ||
| 440 | |9 2518 |a Promoción cultural |n 17 | ||
| 500 | |a Colección Alforja | ||
| 650 | 1 | 0 | |9 291 |a EDUCACION POPULAR |
| 650 | 1 | 0 | |9 2125 |a PARTICIPACIÓN SOCIAL |
| 650 | 1 | 0 | |9 2375 |a SECTOR PRIVADO |
| 650 | 1 | 0 | |9 77 |a DESIGUALDAD SOCIAL |
| 650 | 1 | 0 | |9 243 |a ESTADO |
| 650 | 1 | 0 | |9 377 |a DESARROLLO DE LA COMUNIDAD |
| 650 | 1 | 0 | |9 2122 |a DESARROLLO SOCIAL |
| 942 | |2 ddc |c LI | ||
| 999 | |c 19050 |d 19050 | ||



